[Event "Fagernes op"]
[Site "Fagernes"]
[Date "2020.10.11"]
[Round "9"]
[White "Fuglestein, Sander"]
[Black "Skaslien, Ingrid"]
[Result "1/2-1/2"]
[WhiteElo "2109"]
[BlackElo "1976"]
[PlyCount "67"]
[EventDate "2020.10.04"]
[EventType "swiss"]
[EventRounds "9"]
[EventCountry "NOR"]
[SourceTitle "EXT 2021"]
[Source "ChessBase"]
[SourceDate "2020.10.23"]
[SourceVersion "1"]
[SourceVersionDate "2020.10.23"]
[SourceQuality "1"]

1. d4 Nf6 2. c4 e6 3. g3 d5 4. Nf3 Bb4+ 5. Bd2 Be7 6. Bg2 0-0 7. 0-0 c6 8. Qc2 Nbd7 9. b3 b6 10. Bf4 Nh5 11. Bc1 Nhf6 12. Rd1 Bb7 13. Nc3 Rc8 14. e4 dxe4 15. Nxe4 c5 16. Nxf6+ Bxf6 17. Ng5 Bxg5 18. Bxb7 Rc7 19. Bg2 cxd4 20. Bxg5 Qxg5 21. Rxd4 b5 22. Qe2 bxc4 23. Rxc4 Rfc8 24. Rxc7 Rxc7 25. Rd1 h6 26. b4 Nb6 27. h4 Qf6 28. b5 Na4 29. Rd6 g6 30. Bc6 Nc3 31. Qd2 Qe5 32. Rd7 Rxd7 33. Qxd7 Qc5 34. h5 1/2-1/2

[Event "Fagernes op"]
[Site "Fagernes"]
[Date "2020.10.09"]
[Round "7"]
[White "Fuglestein, Sander"]
[Black "Royset, Pal"]
[Result "1-0"]
[WhiteElo "2109"]
[BlackElo "2150"]
[PlyCount "71"]
[EventDate "2020.10.04"]
[EventType "swiss"]
[EventRounds "9"]
[EventCountry "NOR"]
[SourceTitle "EXT 2021"]
[Source "ChessBase"]
[SourceDate "2020.10.23"]
[SourceVersion "1"]
[SourceVersionDate "2020.10.23"]
[SourceQuality "1"]

1. d4 Nf6 2. c4 e6 3. g3 Bb4+ 4. Bd2 Be7 5. Bg2 d5 6. Nf3 0-0 7. 0-0 Nbd7 8. Qc2 c6 9. b3 Ne4 10. Nc3 f5 11. Be3 Bd6 12. Nxe4 fxe4 13. Ne1 Nf6 14. f3 exf3 15. Nxf3 Bd7 16. Bg5 h6 17. Bxf6 Rxf6 18. e4 Rf8 19. Kh1 dxc4 20. Qxc4 Qe8 21. a4 a5 22. Qd3 b5 23. e5 Bb4 24. Nh4 Rxf1+ 25. Rxf1 Be7 26. Ng6 bxa4 27. bxa4 Rb8 28. Be4 c5 29. d5 c4 30. Qxc4 Rb4 31. Qd3 Rxa4 32. d6 Bd8 33. Rf8+ Qxf8 34. Nxf8 Kxf8 35. Qf3+ Kg8 36. Bg6 1-0

[Event "Fagernes op"]
[Site "Fagernes"]
[Date "2020.10.08"]
[Round "6"]
[White "Flatebo, Hallvard Haug"]
[Black "Fuglestein, Sander"]
[Result "0-1"]
[WhiteElo "1877"]
[BlackElo "2109"]
[PlyCount "44"]
[EventDate "2020.10.04"]
[EventType "swiss"]
[EventRounds "9"]
[EventCountry "NOR"]
[SourceTitle "EXT 2021"]
[Source "ChessBase"]
[SourceDate "2020.10.23"]
[SourceVersion "1"]
[SourceVersionDate "2020.10.23"]
[SourceQuality "1"]

1. e4 c6 2. d4 d5 3. e5 Bf5 4. h4 h5 5. Bd3 Bxd3 6. Qxd3 e6 7. Bg5 Qa5+ 8. Nd2 Qa6 9. c4 Bb4 10. Ngf3 Qxc4 11. Qxc4 dxc4 12. Ke2 b5 13. a3 Be7 14. a4 a5 15. Ne4 Nd7 16. Bxe7 Kxe7 17. Nd6 Nh6 18. b3 cxb3 19. axb5 cxb5 20. Ra3 b4 21. Rxb3 Rhb8 22. Rhb1 Nb6 0-1

[Event "Fagernes op"]
[Site "Fagernes"]
[Date "2020.10.07"]
[Round "5"]
[White "Fuglestein, Sander"]
[Black "Kvendseth, Thyra"]
[Result "1/2-1/2"]
[WhiteElo "2109"]
[BlackElo "2017"]
[PlyCount "65"]
[EventDate "2020.10.04"]
[EventType "swiss"]
[EventRounds "9"]
[EventCountry "NOR"]
[SourceTitle "EXT 2021"]
[Source "ChessBase"]
[SourceDate "2020.10.23"]
[SourceVersion "1"]
[SourceVersionDate "2020.10.23"]
[SourceQuality "1"]

1. d4 Nf6 2. c4 g6 3. Nf3 Bg7 4. g3 d6 5. Bg2 0-0 6. 0-0 c6 7. Nc3 Bf5 8. b3 Ne4 9. Bb2 Nxc3 10. Bxc3 Be4 11. Qd2 Nd7 12. Rfd1 Qc7 13. Qf4 Bf5 14. e4 e5 15. Qh4 Bf6 16. Ng5 Bxg5 17. Qxg5 f6 18. Qd2 Bg4 19. f3 Be6 20. Rac1 c5 21. dxe5 dxe5 22. Qd6 Qxd6 23. Rxd6 Kf7 24. f4 Ke7 25. Rcd1 Rad8 26. Kf2 h6 27. Ke3 g5 28. Bf3 Rg8 29. Ba5 b6 30. Bc3 g4 31. Be2 h5 32. a4 a5 33. R1d2 1/2-1/2

[Event "EU-ch Online U16"]
[Site "Tornelo INT"]
[Date "2020.09.20"]
[Round "7"]
[White "Fuglestein, Sander"]
[Black "Pham, Khoi"]
[Result "1/2-1/2"]
[WhiteElo "1882"]
[BlackElo "2128"]
[PlyCount "59"]
[EventDate "2020.09.18"]
[EventType "swiss (rapid)"]
[EventRounds "9"]
[EventCountry "NET"]
[SourceTitle "EXT 2023"]
[Source "ChessBase"]
[SourceDate "2022.10.05"]
[SourceVersion "1"]
[SourceVersionDate "2022.10.05"]
[SourceQuality "1"]
[WhiteTeam "Norway"]
[BlackTeam "Netherlands"]
[WhiteTeamCountry "NOR"]
[BlackTeamCountry "NED"]

1. d4 Nf6 2. c4 g6 3. Nf3 Bg7 4. g3 0-0 5. Bg2 d6 6. 0-0 Nc6 7. Nc3 a6 8. d5 Na5 9. Nd2 c5 10. Qc2 Rb8 11. b3 b5 12. Bb2 bxc4 13. bxc4 Bh6 14. f4 Ng4 15. Nd1 Rxb2 16. Qxb2 Bg7 17. Qc1 Bd4+ 18. Kh1 Bxa1 19. Qxa1 Bd7 20. h3 Nf6 21. e4 Nh5 22. Kh2 Qb6 23. Nc3 Rb8 24. Rb1 Qc7 25. Bf3 Ng7 26. Rxb8+ Qxb8 27. Qb1 Qxb1 28. Ncxb1 Ba4 29. Nc3 Bc2 30. Bd1 1/2-1/2

[Event "EU-ch Online U16"]
[Site "Tornelo INT"]
[Date "2020.09.20"]
[Round "9"]
[White "Isilak, Enes"]
[Black "Fuglestein, Sander"]
[Result "1-0"]
[WhiteElo "1974"]
[BlackElo "1882"]
[PlyCount "71"]
[EventDate "2020.09.18"]
[EventType "swiss (rapid)"]
[EventRounds "9"]
[EventCountry "NET"]
[SourceTitle "EXT 2023"]
[Source "ChessBase"]
[SourceDate "2022.10.05"]
[SourceVersion "1"]
[SourceVersionDate "2022.10.05"]
[SourceQuality "1"]
[WhiteTeam "Turkey"]
[BlackTeam "Norway"]
[WhiteTeamCountry "TUR"]
[BlackTeamCountry "NOR"]

1. d4 d5 2. c4 e6 3. Nf3 Nf6 4. g3 Be7 5. Bg2 0-0 6. 0-0 Nbd7 7. Qc2 c6 8. Rd1 b6 9. b3 Bb7 10. Nc3 Rc8 11. e4 dxe4 12. Nxe4 Nxe4 13. Qxe4 Bf6 14. Ba3 Re8 15. Bd6 Be7 16. Bf4 Ba8 17. Qc2 Bf6 18. Be5 Qe7 19. Bxf6 Nxf6 20. c5 Nd5 21. Ne5 Red8 22. a3 Bb7 23. Bf1 Nf6 24. b4 h6 25. Nc4 b5 26. Nd6 Rc7 27. Bg2 Ne8 28. Nxb7 Rxb7 29. Bxc6 Rbb8 30. d5 exd5 31. Bxd5 Nc7 32. Bb3 Qe5 33. Rxd8+ Rxd8 34. Rd1 Rd4 35. Rxd4 Qxd4 36. Qf5 1-0

[Event "EU-ch Online U16"]
[Site "Tornelo INT"]
[Date "2020.09.19"]
[Round "6"]
[White "Cilek, Bora"]
[Black "Fuglestein, Sander"]
[Result "1-0"]
[WhiteElo "2125"]
[BlackElo "1882"]
[PlyCount "161"]
[EventDate "2020.09.18"]
[EventType "swiss (rapid)"]
[EventRounds "9"]
[EventCountry "NET"]
[SourceTitle "EXT 2023"]
[Source "ChessBase"]
[SourceDate "2022.10.05"]
[SourceVersion "1"]
[SourceVersionDate "2022.10.05"]
[SourceQuality "1"]
[WhiteTeam "Turkey"]
[BlackTeam "Norway"]
[WhiteTeamCountry "TUR"]
[BlackTeamCountry "NOR"]

1. Nf3 d5 2. c4 e6 3. g3 Nf6 4. Bg2 Be7 5. 0-0 0-0 6. d4 Nbd7 7. Nc3 c6 8. Nd2 b6 9. e4 dxe4 10. Ndxe4 Bb7 11. Bf4 Qc8 12. Nd6 Bxd6 13. Bxd6 Rd8 14. Qc2 b5 15. c5 a5 16. Rfd1 h6 17. a3 Re8 18. b4 Nd5 19. Nxd5 exd5 20. a4 bxa4 21. bxa5 Rxa5 22. Rxa4 Rxa4 23. Qxa4 Nf8 24. Rb1 Ba6 25. h4 Bb5 26. Qa5 Qf5 27. Re1 Rxe1+ 28. Qxe1 Ne6 29. Qe3 Qb1+ 30. Kh2 Bf1 31. Bf3 Qf5 32. Kg1 Bb5 33. Kg2 h5 34. Be5 Nf8 35. Kh2 Nd7 36. Bf4 Nf6 37. Kg2 Ng4 38. Qe8+ Kh7 39. Be2 Nf6 40. Qe7 Bd3 41. Bf3 Ne4 42. Qe8 Bb5 43. Qe5 Qxe5 44. Bxe5 Kg6 45. g4 hxg4 46. Bxg4 f6 47. Bf4 Nc3 48. Be3 Ne4 49. f3 Nc3 50. h5+ Kf7 51. Bf5 Nd1 52. Bd2 Nb2 53. Kf2 Nc4 54. Bc3 Ke7 55. Bb4 Kf7 56. Bg6+ Ke7 57. Kg3 Nb2 58. Kg4 Bc4 59. Bd2 Bb5 60. Bc2 Nc4 61. Bc1 Na5 62. Kf5 Kf7 63. f4 Ba6 64. Kg4 Bb5 65. Bf5 Nb3 66. Be3 Na5 67. Bc8 Be2+ 68. Kh4 Bb5 69. f5 Nc4 70. Bc1 Na5 71. h6 gxh6 72. Kh5 Nb3 73. Be3 Na1 74. Kxh6 Nc2 75. Bf2 Bd3 76. Be6+ Ke7 77. Kg7 Bb5 78. Bh4 Ke8 79. Bxf6 Bd3 80. Be5 Ne3 81. f6 1-0

[Event "EU-ch Online U16"]
[Site "Tornelo INT"]
[Date "2020.09.19"]
[Round "5"]
[White "Fuglestein, Sander"]
[Black "Prydun, Andriy"]
[Result "1-0"]
[WhiteElo "1882"]
[BlackElo "2144"]
[PlyCount "101"]
[EventDate "2020.09.18"]
[EventType "swiss (rapid)"]
[EventRounds "9"]
[EventCountry "NET"]
[SourceTitle "EXT 2023"]
[Source "ChessBase"]
[SourceDate "2022.10.05"]
[SourceVersion "1"]
[SourceVersionDate "2022.10.05"]
[SourceQuality "1"]
[WhiteTeam "Norway"]
[BlackTeam "Ukraine"]
[WhiteTeamCountry "NOR"]
[BlackTeamCountry "UKR"]

1. d4 d5 2. c4 c6 3. cxd5 cxd5 4. Nc3 Nf6 5. Bf4 Nc6 6. e3 e6 7. Nf3 Bd6 8. Bxd6 Qxd6 9. Bd3 0-0 10. 0-0 Bd7 11. Rc1 Rac8 12. Qe2 e5 13. Nb5 Qe7 14. dxe5 Nxe5 15. Nxe5 Qxe5 16. h3 Qg5 17. Kh1 Bxb5 18. Bxb5 Rxc1 19. Rxc1 d4 20. Ba4 Ne4 21. Bc2 Rc8 22. Rd1 Qe5 23. Bxe4 Qxe4 24. Rxd4 Qb1+ 25. Qd1 Qxd1+ 26. Rxd1 g6 27. Rd2 Kg7 28. Kh2 h5 29. Kg3 Rc4 30. b3 Rc7 31. f3 Kf6 32. Kf4 Re7 33. e4 g5+ 34. Ke3 g4 35. fxg4 hxg4 36. h4 Kg6 37. Kf4 g3 38. Re2 Kh5 39. Kxg3 Re6 40. Kh3 f5 41. e5 b5 42. Kg3 Kg6 43. Kf4 Kf7 44. Kxf5 Rc6 45. g4 a5 46. h5 a4 47. bxa4 bxa4 48. g5 Kg7 49. Rd2 Rc7 50. h6+ Kf7 51. Rd7+ 1-0

[Event "EU-ch Online U16"]
[Site "Tornelo INT"]
[Date "2020.09.19"]
[Round "4"]
[White "Waligora, Franciszek"]
[Black "Fuglestein, Sander"]
[Result "0-1"]
[WhiteElo "1628"]
[BlackElo "1882"]
[PlyCount "96"]
[EventDate "2020.09.18"]
[EventType "swiss (rapid)"]
[EventRounds "9"]
[EventCountry "NET"]
[SourceTitle "EXT 2023"]
[Source "ChessBase"]
[SourceDate "2022.10.05"]
[SourceVersion "1"]
[SourceVersionDate "2022.10.05"]
[SourceQuality "1"]
[WhiteTeam "Luxembourg"]
[BlackTeam "Norway"]
[WhiteTeamCountry "LUX"]
[BlackTeamCountry "NOR"]

1. e4 c6 2. d4 d5 3. exd5 cxd5 4. Nf3 Nc6 5. Bb5 Nf6 6. 0-0 Bg4 7. c3 e6 8. Re1 Bd6 9. Nbd2 0-0 10. Nf1 a6 11. Bd3 b5 12. h3 Bh5 13. Ng3 Bxg3 14. fxg3 Bg6 15. Ne5 Nxe5 16. dxe5 Ne4 17. Bxe4 Bxe4 18. Be3 Qc7 19. Qg4 Qxe5 20. Bd4 h5 21. Qh4 Qf5 22. Rf1 Qg6 23. Rf2 f6 24. Raf1 e5 25. Be3 Rad8 26. Bc5 Rf7 27. Rd1 Rc8 28. Be3 Rc4 29. g4 hxg4 30. Qxg4 Qxg4 31. hxg4 Rd7 32. Rfd2 b4 33. cxb4 Rxb4 34. Rc1 d4 35. Bf2 Bg6 36. Be1 e4 37. Rdc2 Rb8 38. Bg3 Rbd8 39. Bc7 Rc8 40. Bb6 Rxc2 41. Rxc2 e3 42. Rc1 e2 43. Kf2 d3 44. Be3 d2 45. Bxd2 Rxd2 46. Rc6 Bd3 47. Rc3 Rd1 48. Rxd3 e1Q+ 0-1

[Event "Kragero op"]
[Site "Kragero"]
[Date "2020.02.19"]
[Round "1"]
[White "Mikalsen, Erlend"]
[Black "Fuglestein, Sander"]
[Result "1-0"]
[WhiteElo "2364"]
[BlackElo "2002"]
[PlyCount "75"]
[EventDate "2020.02.19"]
[EventType "swiss"]
[EventRounds "9"]
[EventCountry "NOR"]
[SourceTitle "CBM 195 Extra"]
[Source "ChessBase"]
[SourceDate "2020.05.31"]
[SourceVersion "1"]
[SourceVersionDate "2020.05.31"]
[SourceQuality "1"]

1. e4 c6 2. d4 d5 3. Nc3 dxe4 4. Nxe4 Nf6 5. Nxf6+ exf6 6. c3 Bd6 7. Bd3 0-0 8. Qc2 Re8+ 9. Ne2 h5 10. 0-0 Nd7 11. Be3 Nf8 12. Rad1 Be6 13. c4 Qc7 14. h3 Rad8 15. c5 Be7 16. Nf4 g6 17. Bc4 Qc8 18. d5 cxd5 19. Bxd5 Bxd5 20. Nxd5 Ne6 21. Qc3 Kg7 22. b4 Nc7 23. Nxc7 Qxc7 24. b5 Bd6 25. Qa3 Be5 26. Rxd8 Rxd8 27. Qxa7 f5 28. c6 bxc6 29. Qxc7 Bxc7 30. b6 Be5 31. b7 Kf6 32. a4 Rd3 33. a5 Rb3 34. a6 Bb8 35. g3 Ke6 36. Ra1 Kd5 37. a7 Bxa7 38. Rxa7 1-0

[Event "Wch U16"]
[Site "Mumbai"]
[Date "2019.10.03"]
[Round "2"]
[White "Sankalp, Gupta"]
[Black "Fuglestein, Sander"]
[Result "1-0"]
[WhiteElo "2369"]
[BlackElo "2091"]
[PlyCount "77"]
[EventDate "2019.10.02"]
[EventType "swiss"]
[EventRounds "11"]
[EventCountry "IND"]
[SourceTitle "EXT 2020"]
[Source "ChessBase"]
[SourceDate "2019.10.17"]
[SourceVersion "1"]
[SourceVersionDate "2019.10.17"]
[SourceQuality "1"]

1. e4 c6 2. Nc3 d5 3. Nf3 Nf6 4. e5 Ne4 5. Ne2 Qb6 6. d4 e6 7. Ng3 c5 8. Bd3 Nxg3 9. fxg3 Nc6 10. 0-0 Be7 11. dxc5 Qxc5+ 12. Kh1 Bd7 13. c3 0-0-0 14. Qe2 f6 15. Be3 Qa5 16. exf6 gxf6 17. b4 Qc7 18. Qf2 Ne5 19. Nxe5 fxe5 20. Bxa7 Rdf8 21. Qg1 h5 22. Bb6 Qb8 23. Rxf8+ Rxf8 24. Rf1 Rxf1 25. Qxf1 Be8 26. Qc1 Qd6 27. Bc5 Qc7 28. Qh6 Qd7 29. Bxe7 Qxe7 30. Qh8 Kc7 31. Qxe5+ Kc8 32. Kg1 Qd7 33. Be2 Qc6 34. g4 hxg4 35. Bxg4 Qb6+ 36. Qd4 Qa6 37. Qxd5 Qa7+ 38. Qc5+ Qxc5+ 39. bxc5 1-0

[Event "EU-ch U16"]
[Site "Bratislava"]
[Date "2019.08.08"]
[Round "7"]
[White "Fuglestein, Sander"]
[Black "Bacrot, Alexandre"]
[Result "0-1"]
[WhiteElo "2024"]
[BlackElo "2272"]
[PlyCount "90"]
[EventDate "2019.08.02"]
[EventType "swiss"]
[EventRounds "9"]
[EventCountry "SVK"]
[SourceTitle "CBM 191 Extra"]
[Source "ChessBase"]
[SourceDate "2019.09.30"]
[SourceVersion "1"]
[SourceVersionDate "2019.09.30"]
[SourceQuality "1"]

1. d4 Nf6 2. c4 g6 3. Nf3 Bg7 4. g3 0-0 5. Bg2 d6 6. 0-0 Bg4 7. h3 Bxf3 8. Bxf3 Nc6 9. Nc3 Nd7 10. e3 e5 11. d5 Ne7 12. e4 f5 13. Rb1 a5 14. a3 b6 15. b4 Qc8 16. Qd3 axb4 17. axb4 Nf6 18. Kg2 Qd7 19. c5 dxc5 20. bxc5 bxc5 21. Qc4 Kh8 22. Be3 fxe4 23. Bxe4 Nxe4 24. Qxe4 Ra5 25. Qc4 c6 26. Rfd1 cxd5 27. Nxd5 Nf5 28. Bd2 Nd6 29. Qc2 Rb5 30. Be3 Rxb1 31. Qxb1 c4 32. Qb4 Qf5 33. Nc3 Qf3+ 34. Kh2 Nf5 35. Bc5 Rc8 36. Qxc4 Bf8 37. Rd3 Qc6 38. Ne4 Bxc5 39. Rc3 Qa8 40. Nxc5 Nd4 41. g4 Rf8 42. Nd3 Nf3+ 43. Kg3 Nd2 44. Qe6 Rf3+ 45. Kh4 Rxh3+ 0-1

[Event "EU-ch U16"]
[Site "Bratislava"]
[Date "2019.08.07"]
[Round "6"]
[White "Fuglestein, Sander"]
[Black "Ivanovic, Marko"]
[Result "0-1"]
[WhiteElo "2024"]
[BlackElo "2222"]
[PlyCount "82"]
[EventDate "2019.08.02"]
[EventType "swiss"]
[EventRounds "9"]
[EventCountry "SVK"]
[SourceTitle "CBM 191 Extra"]
[Source "ChessBase"]
[SourceDate "2019.09.30"]
[SourceVersion "1"]
[SourceVersionDate "2019.09.30"]
[SourceQuality "1"]

1. d4 Nf6 2. c4 g6 3. Nf3 Bg7 4. g3 c5 5. Bg2 d6 6. 0-0 Nc6 7. d5 Na5 8. Nfd2 a6 9. Nc3 0-0 10. Qc2 Bd7 11. b3 b5 12. Bb2 Rb8 13. Rab1 Qc7 14. h3 Rb6 15. e4 Rfb8 16. Nd1 bxc4 17. bxc4 Qb7 18. Qc3 Rb4 19. e5 Ne8 20. f4 Bf5 21. Rc1 dxe5 22. Qa3 Rxb2 23. Nxb2 Qxb2 24. Qxa5 exf4 25. Kh1 fxg3 26. Nf3 Nd6 27. Qxc5 Bf6 28. Qe3 Ne4 29. c5 Qxa2 30. c6 Rb2 31. Ne1 Bg5 32. Qd4 Nf2+ 33. Kg1 Bxc1 34. c7 Nxh3+ 35. Bxh3 Bxh3 36. Qc5 Rg2+ 37. Kh1 Rh2+ 38. Kg1 Qe2 39. c8Q+ Bxc8 40. Qxc8+ Kg7 41. Qxc1 Rh1+ 0-1

[Event "EU-ch U16"]
[Site "Bratislava"]
[Date "2019.08.03"]
[Round "2"]
[White "Fuglestein, Sander"]
[Black "Geher, Koppany"]
[Result "1/2-1/2"]
[WhiteElo "2024"]
[BlackElo "2279"]
[PlyCount "86"]
[EventDate "2019.08.02"]
[EventType "swiss"]
[EventRounds "9"]
[EventCountry "SVK"]
[SourceTitle "CBM 191 Extra"]
[Source "ChessBase"]
[SourceDate "2019.09.30"]
[SourceVersion "1"]
[SourceVersionDate "2019.09.30"]
[SourceQuality "1"]

1. d4 f5 2. c4 Nf6 3. g3 g6 4. Bg2 Bg7 5. Nc3 0-0 6. Nh3 d6 7. d5 c6 8. Nf4 e5 9. dxe6 Qe7 10. 0-0 Bxe6 11. Nxe6 Qxe6 12. b3 Ne4 13. Nxe4 Bxa1 14. Bh6 Bg7 15. Bxg7 Kxg7 16. Nxd6 Qe7 17. Qd4+ Kg8 18. c5 a5 19. Rd1 Na6 20. e3 h5 21. Bf1 Kh7 22. h4 Ra7 23. e4 f4 24. e5 Raa8 25. Bd3 Nb4 26. Be4 Qe6 27. a3 fxg3 28. fxg3 Nd5 29. Bxd5 cxd5 30. Qxd5 Qg4 31. Rd3 Qe2 32. Qxb7+ Kh6 33. Nf7+ Rxf7 34. Qxf7 Qxd3 35. Qf4+ Kh7 36. Qf7+ Kh8 37. Qf6+ Kh7 38. Qe7+ Kh8 39. Qf6+ Kg8 40. Qe6+ Kf8 41. Qf6+ Kg8 42. Qe6+ Kf8 43. Qf6+ Kg8 1/2-1/2

[Event "NOR-ch U16"]
[Site "Larvik"]
[Date "2019.07.13"]
[Round "9"]
[White "Fuglestein, Sander"]
[Black "Dahl, Max"]
[Result "1/2-1/2"]
[WhiteElo "1997"]
[BlackElo "1981"]
[PlyCount "120"]
[EventDate "2019.07.05"]
[EventType "swiss"]
[EventRounds "9"]
[EventCountry "NOR"]
[SourceTitle "EXT 2024"]
[Source "ChessBase"]
[SourceDate "2023.10.10"]
[SourceVersion "1"]
[SourceVersionDate "2023.10.10"]
[SourceQuality "1"]

1. d4 d5 2. c4 c6 3. Nf3 e6 4. g3 Nf6 5. Bg2 Be7 6. 0-0 0-0 7. Qc2 Nbd7 8. Nbd2 b6 9. Rd1 Bb7 10. e4 dxe4 11. Nxe4 Nxe4 12. Qxe4 Nf6 13. Qe2 Qc8 14. b3 Re8 15. Bb2 c5 16. Rac1 cxd4 17. Nxd4 Bxg2 18. Kxg2 Qb7+ 19. Qf3 Qxf3+ 20. Kxf3 a6 21. Nc6 Bf8 22. g4 Rac8 23. Ne5 h6 24. h4 g5 25. hxg5 hxg5 26. Bd4 Bc5 27. Bc3 Be7 28. Bd2 Nh7 29. Be3 Bc5 30. Rd7 Bxe3 31. fxe3 Rc5 32. Nd3 Rcc8 33. c5 bxc5 34. Rxc5 Rxc5 35. Nxc5 Ra8 36. Rd6 a5 37. Ra6 Rxa6 38. Nxa6 f5 39. Nc5 Kf7 40. Nb7 Nf6 41. gxf5 exf5 42. Nxa5 Kg6 43. Nc4 g4+ 44. Kg2 Kg5 45. a4 Nd5 46. a5 Nb4 47. Kg3 Kf6 48. Nb2 Nc6 49. a6 Ke5 50. b4 Na7 51. Nd1 Kd5 52. b5 Nc8 53. Kf4 Kc4 54. Nf2 Kxb5 55. Kxf5 g3 56. Nh3 Kxa6 57. Kf4 g2 58. Kg3 Kb5 59. Kxg2 Kc5 60. Kf3 Kd6 1/2-1/2

[Event "NOR-ch U16"]
[Site "Larvik"]
[Date "2019.07.10"]
[Round "6"]
[White "Schouten, Mathias Lind"]
[Black "Fuglestein, Sander"]
[Result "0-1"]
[WhiteElo "1961"]
[BlackElo "1997"]
[PlyCount "72"]
[EventDate "2019.07.05"]
[EventType "swiss"]
[EventRounds "9"]
[EventCountry "NOR"]
[SourceTitle "EXT 2024"]
[Source "ChessBase"]
[SourceDate "2023.10.10"]
[SourceVersion "1"]
[SourceVersionDate "2023.10.10"]
[SourceQuality "1"]

1. e4 c6 2. d4 d5 3. exd5 cxd5 4. Bf4 Nc6 5. c3 Bf5 6. Nf3 e6 7. Qb3 Qd7 8. Bb5 Nge7 9. 0-0 Ng6 10. Bg3 Bd6 11. Re1 0-0 12. Nbd2 a6 13. Bf1 b5 14. a3 Rfc8 15. Qd1 Na5 16. b4 Nc4 17. Bxc4 bxc4 18. Ne5 Bxe5 19. Bxe5 Nxe5 20. Rxe5 a5 21. g4 Bg6 22. f4 f6 23. Re3 Qd6 24. Rf3 e5 25. f5 Bf7 26. Nf1 axb4 27. cxb4 Qb6 28. Kg2 exd4 29. a4 d3 30. Qd2 Qd4 31. Rc1 Re8 32. Ne3 Rxa4 33. b5 Raa8 34. Kf1 Rab8 35. Nc2 Qxg4 36. Ne3 Qxf3+ 0-1

[Event "NOR-chT Club"]
[Site "Drammen"]
[Date "2019.06.02"]
[Round "5.8"]
[White "Fuglestein, Sander"]
[Black "Kjaras, Alf Marius"]
[Result "1/2-1/2"]
[WhiteElo "2023"]
[BlackElo "1856"]
[PlyCount "25"]
[EventDate "2019.05.30"]
[EventType "team-swiss"]
[EventRounds "6"]
[EventCountry "NOR"]
[SourceTitle "CBM 190 Extra"]
[Source "ChessBase"]
[SourceDate "2019.07.15"]
[SourceVersion "1"]
[SourceVersionDate "2019.07.15"]
[SourceQuality "1"]
[WhiteTeam "Sevland"]
[BlackTeam "Tonsberg"]
[WhiteTeamCountry "NOR"]
[BlackTeamCountry "NOR"]

1. d4 d5 2. c4 c6 3. Nf3 Nf6 4. Nc3 dxc4 5. a4 Bf5 6. e3 e6 7. Bxc4 Bb4 8. 0-0 0-0 9. Qe2 Bg6 10. Rd1 Nbd7 11. Bd2 Qe7 12. Rac1 e5 13. dxe5 1/2-1/2

[Event "Fagernes GM op"]
[Site "Fagernes"]
[Date "2019.04.17"]
[Round "5"]
[White "Fuglestein, Sander"]
[Black "Dolzhikova, Olga"]
[Result "0-1"]
[WhiteElo "2000"]
[BlackElo "2231"]
[PlyCount "168"]
[EventDate "2019.04.14"]
[EventType "swiss"]
[EventRounds "9"]
[EventCountry "NOR"]
[SourceTitle "CBM 189 Extra"]
[Source "ChessBase"]
[SourceDate "2019.06.03"]
[SourceVersion "1"]
[SourceVersionDate "2019.06.03"]
[SourceQuality "1"]

1. d4 g6 2. c4 Bg7 3. Nf3 c5 4. d5 d6 5. Nc3 Bxc3+ 6. bxc3 f5 7. Qc2 Nf6 8. Bf4 Qa5 9. e3 Na6 10. Bd3 Nc7 11. 0-0 b5 12. cxb5 Ncxd5 13. c4 Nc3 14. Nd2 Na4 15. Rfc1 Bb7 16. f3 Nb6 17. a4 Nbd7 18. Bg3 e5 19. Be1 Qd8 20. Bf1 0-0 21. Nb3 Rc8 22. Rd1 Ne8 23. Bc3 Qg5 24. Qf2 Qe7 25. a5 Ba8 26. Nc1 Rd8 27. a6 Nb6 28. Ba5 Ng7 29. Ra3 Ne6 30. Rad3 e4 31. R3d2 exf3 32. gxf3 Ng5 33. Bg2 Bxf3 34. Re1 Bxg2 35. Qxg2 Ne4 36. Ra2 Rde8 37. Bxb6 axb6 38. Nd3 Qf7 39. Nf4 Qxc4 40. Nxg6 Kf7 41. Nxf8 Rxf8 42. a7 Ra8 43. Rf1 Ke6 44. Qf3 Qd5 45. Rg2 Rxa7 46. Qh5 Nf6 47. Qh4 Qe4 48. Qh6 Ra3 49. Qf8 Ra8 50. Qh6 c4 51. h3 Ra3 52. Qf8 Ra8 53. Qh6 c3 54. Rg4 Qe5 55. Rg2 Rc8 56. Qf4 Qxf4 57. exf4 Rc5 58. Rb1 d5 59. Kf2 d4 60. Ke2 Nd5 61. Rf2 c2 62. Rc1 Nb4 63. Kd2 d3 64. Rf3 Rxb5 65. Ra1 Rc5 66. Rff1 Rd5 67. Ra4 Rd4 68. Re1+ Kd6 69. Rf1 Re4 70. Raa1 Re2+ 71. Kc3 Kc5 72. Rg1 d2 73. Rgf1 d1Q 74. Rfxd1 cxd1Q 75. Rxd1 Nd5+ 76. Kb3 Re3+ 77. Kb2 Rxh3 78. Rc1+ Kd4 79. Re1 Ne3 80. Ra1 Nc4+ 81. Kc2 Rh2+ 82. Kb3 Rf2 83. Rc1 Rb2+ 84. Ka4 b5# 0-1

[Event "Nordic-ch U20"]
[Site "Borgarnes"]
[Date "2019.02.16"]
[Round "4"]
[White "Nielsen, Jon I Horni"]
[Black "Fuglestein, Sander"]
[Result "0-1"]
[WhiteElo "1756"]
[BlackElo "2024"]
[PlyCount "52"]
[EventDate "2019.02.14"]
[EventType "swiss"]
[EventRounds "6"]
[EventCountry "ISL"]
[SourceTitle "CBM 189 Extra"]
[Source "ChessBase"]
[SourceDate "2019.06.03"]
[SourceVersion "1"]
[SourceVersionDate "2019.06.03"]
[SourceQuality "1"]

1. e4 c6 2. d4 d5 3. Nc3 dxe4 4. Nxe4 Nf6 5. Nxf6+ exf6 6. c3 Bd6 7. Bd3 0-0 8. Qc2 Re8+ 9. Ne2 h5 10. 0-0 Qc7 11. h3 Nd7 12. Be3 Nf8 13. Rae1 Be6 14. Bd2 g6 15. f4 f5 16. Rf3 Rad8 17. c4 Bc8 18. Ref1 Ne6 19. Rg3 h4 20. Rgf3 Nxd4 21. Nxd4 Bc5 22. Be3 Rxe3 23. Rxe3 Bxd4 24. Rfe1 Qxf4 25. Qf2 Qxf2+ 26. Kxf2 f4 0-1

[Event "Nordic-ch U20"]
[Site "Borgarnes"]
[Date "2019.02.15"]
[Round "2"]
[White "Liu, Casper Yukun"]
[Black "Fuglestein, Sander"]
[Result "1/2-1/2"]
[WhiteElo "2126"]
[BlackElo "2024"]
[PlyCount "71"]
[EventDate "2019.02.14"]
[EventType "swiss"]
[EventRounds "6"]
[EventCountry "ISL"]
[SourceTitle "CBM 189 Extra"]
[Source "ChessBase"]
[SourceDate "2019.06.03"]
[SourceVersion "1"]
[SourceVersionDate "2019.06.03"]
[SourceQuality "1"]

1. d4 d5 2. Bf4 Nf6 3. e3 e6 4. Nf3 Bd6 5. Bg3 0-0 6. Bd3 c5 7. c3 b6 8. Nbd2 Bb7 9. Ne5 Nc6 10. 0-0 Qc7 11. f4 Ne7 12. Qf3 Nf5 13. Be1 Be7 14. g4 Nd6 15. g5 Nfe4 16. Qh5 f6 17. g6 h6 18. Ng4 Nf5 19. Nxe4 c4 20. Nexf6+ Bxf6 21. Bxf5 exf5 22. Qxf5 Rae8 23. Qh5 Bc8 24. Bf2 Qd7 25. h3 Bd8 26. Ne5 Qxh3 27. Qxh3 Bxh3 28. Rfe1 Bf5 29. b3 b5 30. b4 a5 31. a4 axb4 32. cxb4 bxa4 33. Rxa4 Re6 34. b5 Rb6 35. e4 Bxe4 36. Bg3 1/2-1/2